书目信息 |
| 题名: |
食品包装实用新材料新技术
|
|
| 作者: | 杨福馨 , 吴龙奇 编著 | |
| 分册: | ||
| 出版信息: | 北京 化学工业出版社 2009 |
|
| 页数: | 443页 | |
| 开本: | 21cm | |
| 丛书名: | ||
| 单 册: | ||
| 中图分类: | TS206.4 , TS206.6 | |
| 科图分类: | ||
| 主题词: | 食品包装--包装材料 , 食品包装--技术 , 食品包装 , 包装材料 | |
| 电子资源: | ||
| ISBN: | 978-7-122-05230-8 | |
| 000 | 01001nam0 2200301 45 | |
| 001 | 1338817844 | |
| 005 | 20130514152412.21 | |
| 010 | @a978-7-122-05230-8@dCNY38.00 | |
| 100 | @a20130108d2009 em y0chiy0110 ea | |
| 101 | 0 | @achi |
| 102 | @aCN@b110000 | |
| 105 | @ay z 000yy | |
| 106 | @ar | |
| 200 | 1 | @a食品包装实用新材料新技术@AShi Pin Bao Zhuang Shi Yong Xin Cai Liao Xin Ji Shu@f杨福馨,吴龙奇编著@FYang Fu Xin, Wu Long Qi Bian Zhu |
| 205 | @a2版 | |
| 210 | @a北京@c化学工业出版社@d2009 | |
| 215 | @a443页@d21cm | |
| 330 | @a本书介绍了食品包装的研究与发展历程、食品包装的最新课题,对影响食品品质和包装质量的污染及其变质、有关食品包装的技术要求等作了阐述。 | |
| 606 | 0 | @a食品包装@x包装材料 |
| 606 | 0 | @a食品包装@x技术 |
| 606 | 0 | @a食品包装 |
| 606 | 0 | @a包装材料 |
| 690 | @aTS206.4@v5 | |
| 690 | @aTS206.6@v5 | |
| 701 | 0 | @g(侗)@a杨福馨@AYang Fu Xin@4编著 |
| 701 | 0 | @a吴龙奇@AWu Long Qi@4编著 |
| 801 | @aCN@bTANGWEI@c20130108 | |
| 905 | @b0819843-47@dTS206.4@e153=2@f5 | |
| 食品包装实用新材料新技术/杨福馨,吴龙奇编著.-2版.-北京:化学工业出版社,2009 |
| 443页;21cm |
| ISBN 978-7-122-05230-8:CNY38.00 |
| 本书介绍了食品包装的研究与发展历程、食品包装的最新课题,对影响食品品质和包装质量的污染及其变质、有关食品包装的技术要求等作了阐述。 |
| ● |
| 相关链接 |
|
|
|
|
正题名:食品包装实用新材料新技术
索取号:TS206.4/153=2
 
预约/预借
| 序号 | 登录号 | 条形码 | 馆藏地/架位号 | 状态 | 备注 |
| 1 | 0819843 | 208198430 | 第二样本阅览室/ [索取号:TS206.4/153=2] | 在馆 | |
| 2 | 0819844 | 208198449 | 第三借阅区/ [索取号:TS206.4/153=2] | 在馆 | |
| 3 | 0819845 | 208198458 | 第三借阅区/ [索取号:TS206.4/153=2] | 在馆 | |
| 4 | 0819846 | 208198467 | 第三借阅区/ [索取号:TS206.4/153=2] | 在馆 | |
| 5 | 0819847 | 208198476 | 第三借阅区/ [索取号:TS206.4/153=2] | 在馆 |